Ghost in the garden / (Record no. 2179)

MARC details
000 -LEADER
fixed length control field 00879cam a2200265 a 4500
005 - DATE AND TIME OF LATEST TRANSACTION
control field 20231108132225.0
020 ## - INTERNATIONAL STANDARD BOOK NUMBER
International Standard Book Number 0439202264
040 ## - CATALOGING SOURCE
Original cataloging agency EOW
Transcribing agency EOW
Modifying agency DLC
Language of cataloging eng
050 00 - LIBRARY OF CONGRESS CALL NUMBER
Classification number PZ7.H4315
Item number Gh 2000
082 00 - DEWEY DECIMAL CLASSIFICATION NUMBER
Classification number 303
Edition number 21
100 1# - MAIN ENTRY--PERSONAL NAME
Personal name Herman, Gail
Dates associated with a name 1959-
245 10 - TITLE STATEMENT
Title Ghost in the garden /
Statement of responsibility, etc. by Gail Herman ; illustrated by Duendes del Sur.
246 1# - VARYING FORM OF TITLE
Display text At head of title:
Title proper/short title Cartoon Network
260 ## - PUBLICATION, DISTRIBUTION, ETC.
Place of publication, distribution, etc. New York :
Name of publisher, distributor, etc. Scholastic,
Date of publication, distribution, etc. 2000
300 ## - PHYSICAL DESCRIPTION
Extent 32 pages :
Other physical details illustrations
Dimensions 23 cm
490 1# - SERIES STATEMENT
Series statement Scooby-Doo readers ;
Volume/sequential designation 4
505 ## - FORMATTED CONTENTS NOTE
Formatted contents note H
520 ## - SUMMARY, ETC.
Summary, etc. Scooby-Doo and the gang come to the rescue when Farmer Fran tells them a ghost has taken all of the lettuce and carrots from her garden.
521 ## - TARGET AUDIENCE NOTE
Target audience note 480
Source Lexile
650 #1 - SUBJECT ADDED ENTRY--TOPICAL TERM
Topical term or geographic name entry element Dogs
Form subdivision Fiction.
650 #1 - SUBJECT ADDED ENTRY--TOPICAL TERM
Topical term or geographic name entry element Ghosts
Form subdivision Fiction.
906 ## - LOCAL DATA ELEMENT F, LDF (RLIN)
a 7
b cbc
c copycat
d 3
e ncip
f 20
g y-gencatlg
942 ## - ADDED ENTRY ELEMENTS (KOHA)
Source of classification or shelving scheme Dewey Decimal Classification
Koha item type Books
Suppress in OPAC No
999 ## -
-- 2179
-- 2179
Holdings
Withdrawn status Lost status Source of classification or shelving scheme Damaged status Not for loan Collection Home library Current library Shelving location Date acquired Total Checkouts Full call number Barcode Date last seen Date last checked out Price effective from Koha item type
    Dewey Decimal Classification     Juvenile Fiction Footprints International School Library Network Toul Kork Campus Footprints International School Library Network Toul Kork Campus TK Primary Library Room(4th Floor), Bookcase 1&2, Shelves 1-16, Dark Blue Books 11/08/2023 2 HER 303 PZ7.H4315 FISBK05464 12/20/2024 09/13/2024 11/08/2023 Books